Cities That Hosted a World Cup Game - Statistics

General Stats
  • This quiz has been taken 29 times
  • The average score is 80 of 146
Answer Stats
Country Answer % Correct
Germany Berlin
95%
Argentina Buenos Aires
95%
France Lyon
95%
France Marseille
95%
France Paris
95%
Brazil Rio de Janeiro
95%
Chile Santiago
95%
Brazil São Paulo
95%
Japan Tokyo
95%
Brazil Brasília
91%
Germany Hamburg
91%
Russia Moscow
91%
Germany Munich
91%
Italy Naples
91%
Japan Osaka
91%
Italy Rome
91%
Russia Saint Petersburg
91%
South Korea Seoul
91%
Italy Turin
91%
Spain Barcelona
86%
France Bordeaux
86%
South Korea Busan
86%
South Africa Cape Town
86%
Germany Cologne
86%
Italy Florence
86%
South Africa Johannesburg
86%
United States Los Angeles
86%
Spain Madrid
86%
Brazil Manaus
86%
Mexico Mexico City
86%
Italy Milan
86%
Spain Valencia
86%
Qatar Doha
82%
Germany Leipzig
82%
United Kingdom Liverpool
82%
United Kingdom London
82%
United Kingdom Manchester
82%
Brazil Recife
82%
Spain Seville
82%
Switzerland Zürich
82%
Brazil Belo Horizonte
77%
Switzerland Bern
77%
United Kingdom Birmingham
77%
Germany Frankfurt
77%
Italy Genoa
77%
Mexico Guadalajara
77%
Sweden Stockholm
77%
Germany Stuttgart
77%
Spain Bilbao
73%
Germany Dortmund
73%
South Africa Durban
73%
Germany Düsseldorf
73%
Switzerland Geneva
73%
France Nantes
73%
United States New York
73%
Italy Palermo
73%
France Toulouse
73%
Italy Bologna
68%
United States Dallas
68%
Sweden Gothenburg
68%
Germany Hannover
68%
France Lille
68%
Brazil Salvador
68%
Italy Bari
64%
Switzerland Basel
64%
Argentina Córdoba
64%
Brazil Fortaleza
64%
Sweden Malmö
64%
Mexico Monterrey
64%
Uruguay Montevideo
64%
Germany Nüremberg
64%
Brazil Porto Alegre
64%
United States San Francisco
64%
France Strasbourg
64%
South Africa Bloemfontein
59%
United States Chicago
59%
Russia Kazan
59%
Argentina Rosario
59%
Japan Sapporo
59%
United Kingdom Sheffield
59%
Spain Zaragoza
59%
Brazil Curitiba
55%
Japan Kobe
55%
Spain Málaga
55%
Russia Nizhny Novgorod
55%
South Africa Port Elizabeth
55%
Mexico Puebla
55%
Russia Sochi
55%
Italy Verona
55%
Russia Yekaterinburg
50%
France Montpellier
45%
France Reims
45%
United States Washington DC
45%
United States Boston
41%
South Korea Incheon
41%
Argentina Mendoza
41%
Russia Rostov-on-Don
41%
France Saint-Étienne
41%
Spain Valladolid
41%
Spain Alicante
36%
Italy Cagliari
36%
Germany Gelsenkirchen
36%
Switzerland Lausanne
36%
Russia Volgograd
36%
South Korea Daegu
32%
United States Detroit
32%
Mexico León
32%
United States Orlando
32%
Italy Trieste
32%
Russia Kaliningrad
27%
Russia Samara
27%
Spain Vigo
27%
Spain A Coruña
23%
Argentina Mar del Plata
23%
Mexico Toluca
23%
Chile Viña del Mar
23%
Spain Elche
18%
France Le Havre
18%
Brazil Natal
18%
Chile Arica
14%
Brazil Cuiabá
14%
South Korea Daejeon
14%
South Korea Gwangju
14%
Sweden Örebro
14%
Spain Oviedo
14%
Japan Saitama
14%
United Kingdom Sunderland
14%
South Korea Ulsan
14%
Sweden Västerås
14%
Spain Gijón
9%
Sweden Helsingborg
9%
Japan Niigata
9%
South Korea Suwon
9%
Qatar Al Rayyan
5%
South Africa Polokwane
5%
Chile Rancagua
5%
Russia Saransk
5%
Mexico Zapopan
5%
Mexico Irapuato
0%
South Korea Jeonju
0%
United Kingdom Middlesborough
0%
Japan Oita
0%
South Africa Rustenburg
0%
Mexico Santiago de Querétaro
0%
South Korea Seogwipo
0%
Japan Shizuoka
0%
No matching quizzes found
Score Distribution
Percent of People with Each Score
Percentile by Number Answered
Your Score History
You have not taken this quiz